Listen to me /

Saved in:
Bibliographic Details
Main Author: Foley, Barbara H.
Format: Book (Paper)
Language:English
Published: TP. HCM : Nxb. TP. HCM, 1994.
Subjects:
Tags: Add Tag
No Tags, Be the first to tag this record!
Institutions: Thư viện Trường Đại học Đà Lạt
LEADER 00668nam a2200301 4500
001 DLU110120152
005 ##20110420
040 # # |a DLU  |b vie 
041 # # |a eng 
044 # # |a vn 
082 # # |a 428.3  |b FO-B 
100 # # |a Foley, Barbara H. 
245 # # |a Listen to me /  |c Barbara H. Foley. 
260 # # |a TP. HCM :  |b Nxb. TP. HCM,  |c 1994. 
300 # # |a 139 tr. ;  |c 21 cm. 
653 # # |a Nghe hiểu 
653 # # |a Tiếng Anh 
923 # # |a 01/2011NN 
991 # # |a GT 
992 # # |a 11000 
994 # # |a KNN 
900 # # |a True 
911 # # |a Đào Thị Thu Huyền 
925 # # |a G 
926 # # |a A 
927 # # |a SH 
980 # # |a Thư viện Trường Đại học Đà Lạt